Hướng dẫn giải bài tập giải tích toán học. t.II /

में बचाया:
ग्रंथसूची विवरण
मुख्य लेखक: Nguyễn Thủy Thanh
अन्य लेखक: Đỗ Đức Giáo
स्वरूप: Sách giấy
भाषा:Vietnamese
प्रकाशित: H. : Đại học Quốc gia, 2001
संस्करण:In lần thứ hai
विषय:
टैग : टैग जोड़ें
कोई टैग नहीं, इस रिकॉर्ड को टैग करने वाले पहले व्यक्ति बनें!
Thư viện lưu trữ: Thư viện Trường Đại học Đà Lạt
LEADER 00982nam a2200373 4500
001 DLU030022820
003 ##DLU
005 ##20021230
008 ##021230t vn z000 vie d
040 # # |a DLU  |b vie 
041 # # |a vie 
044 # # |a vn 
082 # # |a 515.076  |b NG-T 
100 # # |a Nguyễn Thủy Thanh 
245 # # |a Hướng dẫn giải bài tập giải tích toán học.  |n t.II /  |c Nguyễn Thủy Thanh, Đỗ Đức Giáo 
250 # # |a In lần thứ hai 
260 # # |a H. :  |b Đại học Quốc gia,  |c 2001 
300 # # |a 307 tr. ;  |c 21 cm 
653 # # |a Chuỗi toán học 
653 # # |a Giáo trình 
653 # # |a Hàm nhiều biến 
653 # # |a Tích phân 
653 # # |a Toán giải tích 
700 # # |a Đỗ Đức Giáo 
990 # # |a t.II 
992 # # |a 23000 
994 # # |a DLU 
900 # # |a True 
911 # # |a Thái Thị Thanh Thủy 
925 # # |a G 
926 # # |a A 
927 # # |a SH 
980 # # |a Thư viện Trường Đại học Đà Lạt